[Event "IX C.to Italiano U20"]
[Site "Bratto - Castione della Presolana ITA"]
[Date "2001.08.29"]
[Round "8"]
[White "Mogranzini, Roberto"]
[Black "Cusumano, Domenico"]
[Result "1-0"]
[WhiteElo "2104"]
[BlackElo "1939"]
[PlyCount "165"]
[EventDate "2001.08.22"]

1.e4 e6 2.d4 d5 3.Nd2 Nf6 4.e5 Nfd7 5.Bd3 c5 6.c3 Nc6 7.Ne2 Qb6 8.Nf3 cxd4
9.cxd4 Be7 10.O-O O-O 11.a3 Re8 12.b4 a6 13.Nc3 Qc7 14.Bd2 f5 15.exf6 Nxf6
16.Rc1 Qd8 17.Re1 Bd7 18.h3 b5 19.Bf4 Qb6 20.Ne5 Qxd4 21.Bg5 Nxe5 22.Bxh7+
Nxh7 23.Qxd4 Nc6 24.Qg4 Bxg5 25.f4 Bf6 26.Nxd5 Bd4+ 27.Kh1 Nf6 28.Nxf6+ 
Bxf6 29.Red1 Rad8 30.Rxd7 Rxd7 31.Rxc6 Kf7 32.Rxa6 Rd5 33.Qe2 Bh4 34.Kh2 
Bd8 35.Rc6 Re7 36.Qe4 Bc7 37.Rxe6 Bxf4+ 38.Qxf4+ Kxe6 39.Qe3+ Re5 40.Qb6+ 
Kf5 41.Qc6 R7e6 42.Qd7 Kf6 43.h4 Kg6 44.g3 Rf6 45.Kh3 Rfe6 46.Qd3+ Kf6 47.
Qd8+ Kg6 48.Qb8 Rd5 49.Qc8 Rde5 50.Qd7 Re7 51.Qg4+ Kf7 52.h5 R7e6 53.Qf3+ 
Ke7 54.Qb7+ Kf6 55.g4 Re7 56.Qb6+ R7e6 57.Qd8+ Kf7 58.Kh4 Re7 59.Qb6 R7e6 
60.Qa7+ Re7 61.Qf2+ Kg8 62.Qf3 R7e6 63.a4 bxa4 64.Qa8+ Re8 65.Qxa4 Rb8 66.
Qb3+ Kh8 67.Qc3 Rbb5 68.Qd4 Red5 69.Qc4 Re5 70.Qf4 Re8 71.Qd4 Reb8 72.h6 
R5b7 73.Kh5 Kg8 74.Qc4+ Kh7 75.Qe4+ Kh8 76.Qd4 Kg8 77.g5 gxh6 78.Qd5+ Kh8 
79.Qe5+ Kg8 80.Qe6+ Kh8 81.Qf6+ Kg8 82.g6 Rf8 83.Qd4 1-0

[Event "IX C.to Italiano U20"]
[Site "Bratto - Castione della Presolana ITA"]
[Date "2001.08.29"]
[Round "8"]
[White "Palomba, Andrea"]
[Black "Guclu, Yaman"]
[Result "0-1"]
[WhiteElo "1401"]
[BlackElo "1831"]
[PlyCount "54"]
[EventDate "2001.08.22"]

1.e4 e5 2.Nf3 d5 3.exd5 Bd6 4.Bc4 e4 5.Qe2 Nf6 6.d3 O-O 7.dxe4 Nxe4 8.O-O 
Re8 9.Qd3 Bg4 10.Nbd2 Nc5 11.Qd4 Bxf3 12.Nxf3 Re4 13.Qd2 Rxc4 14.b3 Re4 
15.Bb2 Nbd7 16.Ng5 Rh4 17.g3 Ne4 18.Nxe4 Rxe4 19.f4 Bc5+ 20.Kh1 Be3 21.Qe2
f5 22.g4 Bd4 23.Qd3 Bxb2 24.Rab1 Nc5 25.Qb5 Qxd5 26.Rxb2 Re2+ 27.Kg1 Qg2# 
0-1

[Event "IX C.to Italiano U20"]
[Site "Bratto - Castione della Presolana ITA"]
[Date "2001.08.29"]
[Round "8"]
[White "Pelosin, Matteo"]
[Black "Nardelli, Marco"]
[Result "0-1"]
[WhiteElo "1705"]
[BlackElo "1791"]
[PlyCount "112"]
[EventDate "2001.08.22"]

1.e4 d6 2.d4 Nf6 3.Nc3 g6 4.Nf3 Bg7 5.Be3 O-O 6.Be2 c6 7.a4 a5 8.O-O Bg4 
9.h3 Bxf3 10.Bxf3 Nbd7 11.Qd2 Re8 12.Be2 e5 13.dxe5 dxe5 14.Rad1 Qe7 15.
Qd6 Bf8 16.Qxe7 Bxe7 17.Kh1 Bc5 18.Bd2 Bd4 19.f3 Nc5 20.b3 Nh5 21.Kh2 Ne6 
22.Na2 Red8 23.Nc1 Rd7 24.Bc4 Nhg7 25.Be1 Bg1+ 26.Rxg1 Rxd1 27.Nd3 b5 28.
axb5 cxb5 29.Bxb5 Nd4 30.Bc4 Nxc2 31.Bc3 Rxg1 32.Kxg1 Ne3 33.Nxe5 Nxc4 34.
Nxc4 a4 35.bxa4 Rc8 36.Bxg7 Rxc4 37.Bf6 Rxa4 38.Kf2 Kf8 39.Ke3 Ke8 40.Kf4 
Ra2 41.g3 Ra3 42.Kg4 h5+ 43.Kf4 Kd7 44.g4 hxg4 45.hxg4 Kc6 46.g5 Kb5 47.
Kg4 Kc4 48.Kf4 Kd3 49.Be7 Ra5 50.Bf8 Rb5 51.e5 Kd4 52.Bd6 Kd5 53.Kg4 Rb1 
54.Bc7 Rb4+ 55.Kg3 Ke6 56.Ba5 Ra4 0-1

[Event "IX C.to Italiano U20"]
[Site "Bratto - Castione della Presolana ITA"]
[Date "2001.08.29"]
[Round "8"]
[White "Piscopo, Pierluigi"]
[Black "Sorcinelli, Francesco"]
[Result "1-0"]
[WhiteElo "2218"]
[BlackElo "1881"]
[PlyCount "53"]
[EventDate "2001.08.22"]

1.e4 c5 2.Nf3 d6 3.d4 cxd4 4.Nxd4 Nf6 5.Nc3 g6 6.Bc4 Bg7 7.h3 O-O 8.Bb3 
Nc6 9.Be3 Bd7 10.O-O Rc8 11.f4 Qa5 12.Nf3 Rfd8 13.Qe1 e6 14.g4 Ne7 15.e5 
dxe5 16.fxe5 Ne8 17.Ng5 Bxe5 18.Nd5 Qxe1 19.Nxe7+ Kf8 20.Raxe1 Kxe7 21.
Rxf7+ Kd6 22.Rxh7 Nf6 23.Nf7+ Ke7 24.Nxd8+ Nxh7 25.Nxb7 Bc7 26.Bxa7 e5 27.
Rf1 1-0

[Event "IX C.to Italiano U20"]
[Site "Bratto - Castione della Presolana ITA"]
[Date "2001.08.29"]
[Round "8"]
[White "Retter, Martin"]
[Black "Mazzilli, Piero"]
[Result "0-1"]
[WhiteElo "1690"]
[BlackElo "2206"]
[PlyCount "112"]
[EventDate "2001.08.22"]

1.c4 f5 2.g3 g6 3.Bg2 Bg7 4.Nc3 Nf6 5.Rb1 O-O 6.e3 e5 7.d3 Qe8 8.Nge2 d6 
9.b4 Nc6 10.O-O Rb8 11.d4 e4 12.Bd2 g5 13.Qa4 Ra8 14.Rfc1 Qh5 15.Be1 Ne7 
16.Rc2 Ng6 17.Nd5 Ne8 18.b5 Be6 19.Qb3 Kh8 20.Bf1 Rf7 21.Rbc1 Nf6 22.Nxf6 
Rxf6 23.Bc3 Ne7 24.d5 Rh6 25.h3 Bd7 26.Bxg7+ Kxg7 27.Qc3+ Kf7 28.Bg2 f4 
29.gxf4 Bxh3 30.Ng3 Qg4 31.Bxh3 Rxh3 32.fxg5 Qxg5 33.Kf1 Qg4 34.Ke1 Ng6 
35.Qd4 Re8 36.Kd2 b6 37.Kc3 Qf3 38.Kb2 Rh2 39.Rf1 h5 40.Kb1 h4 41.Ne2 Rxf2
42.Rxf2 Qxf2 43.Nf4 Qe1+ 44.Rc1 Qb4+ 45.Ka1 Nxf4 46.Rf1 Ke7 47.Rxf4 Kd8 
48.Rxe4 Rg8 49.Qf6+ Kc8 50.Qe6+ Kb7 51.Qxg8 Qe1+ 52.Kb2 Qd2+ 53.Kb3 Qd3+ 
54.Kb4 Qb1+ 55.Kc3 Qxe4 56.Qg5 Qe5+ 0-1

[Event "IX C.to Italiano U20"]
[Site "Bratto - Castione della Presolana ITA"]
[Date "2001.08.29"]
[Round "8"]
[White "Santacroce, Fidel"]
[Black "Sedani, Elisa"]
[Result "1-0"]
[WhiteElo "1630"]
[BlackElo "1594"]
[PlyCount "97"]
[EventDate "2001.08.22"]

1.e4 c5 2.Nf3 d6 3.d4 cxd4 4.Nxd4 Nf6 5.Nc3 a6 6.Be3 e6 7.f3 Nc6 8.Qd2 Be7
9.Be2 Qc7 10.g4 b5 11.h4 Nxd4 12.Bxd4 e5 13.Be3 Bb7 14.Rh3 d5 15.g5 d4 16.
gxf6 dxc3 17.Qxc3 Qxc3+ 18.bxc3 Bxf6 19.Bg5 Be7 20.a4 bxa4 21.Rg3 f6 22.
Be3 g5 23.hxg5 fxg5 24.Kd2 h6 25.Rxa4 Kf7 26.Ra5 Rhd8+ 27.Ke1 Bc8 28.Rg1 
Bf6 29.Bc4+ Kg6 30.Ke2 h5 31.Rb1 h4 32.Bd5 Rxd5 33.exd5 h3 34.c4 g4 35.Bf2
Bf5 36.c5 e4 37.f4 h2 38.Bg3 Rh8 39.Rh1 Rh3 40.Ra3 Bd4 41.Rxh2 Bxc5 42.
Rxa6+ Kh5 43.c4 e3 44.Rc6 Bd4 45.d6 Rxh2+ 46.Bxh2 Be4 47.d7 Bf3+ 48.Kd3 e2
49.d8=Q 1-0

[Event "IX C.to Italiano U20"]
[Site "Bratto - Castione della Presolana ITA"]
[Date "2001.08.29"]
[Round "8"]
[White "Sardo, Gabriele"]
[Black "Cacco, Christian"]
[Result "1/2-1/2"]
[WhiteElo "2165"]
[BlackElo "2252"]
[PlyCount "75"]
[EventDate "2001.08.22"]

1.e4 g6 2.d4 Bg7 3.c3 c6 4.Bd3 b5 5.Nf3 d6 6.O-O Nf6 7.Qe2 O-O 8.Bg5 h6 9.
Bf4 Nh5 10.Be3 e5 11.Qd2 Kh7 12.a4 bxa4 13.Rxa4 Qc7 14.Qc2 Bg4 15.Nbd2 Nd7
16.Rfa1 Nb6 17.Ra6 Rfb8 18.g3 Nf6 19.dxe5 dxe5 20.Nxe5 Be6 21.Ndc4 c5 22.
Nxb6 Rxb6 23.Rxb6 Qxb6 24.Ra6 Qc7 25.Nc4 Rd8 26.Bf4 Qb7 27.Nd6 Qe7 28.Nb5 
c4 29.Be2 Qb7 30.Rd6 Re8 31.e5 Qxb5 32.exf6 Bxf6 33.Qd2 Bg7 34.Bf3 Re7 35.
Rd8 Qa5 36.h4 Bf5 37.Kg2 Bd3 38.Rd5 1/2-1/2

[Event "IX C.to Italiano U20"]
[Site "Bratto - Castione della Presolana ITA"]
[Date "2001.08.30"]
[Round "9"]
[White "Buchicchio, Giampaolo"]
[Black "Drabke, Lorenz Maximilian"]
[Result "0-1"]
[WhiteElo "2179"]
[BlackElo "2338"]
[PlyCount "76"]
[EventDate "2001.08.22"]

1.e4 c5 2.c3 Nf6 3.e5 Nd5 4.d4 cxd4 5.cxd4 e6 6.Nf3 b6 7.Bd3 Bb4+ 8.Bd2 
Bxd2+ 9.Qxd2 Ba6 10.Bxa6 Nxa6 11.Nc3 Nac7 12.Ng5 Nxc3 13.bxc3 O-O 14.Ne4 
d5 15.Ng3 Qe7 16.a4 a5 17.O-O b5 18.f4 g6 19.Nh1 Rfb8 20.g4 b4 21.Nf2 bxc3
22.Qxc3 Rb4 23.g5 Rc4 24.Qe3 Na6 25.Ng4 Nb4 26.Nf6+ Kh8 27.f5 exf5 28.Rad1
h5 29.gxh6 Rac8 30.h4 Nc2 31.Qg5 Nxd4 32.h5 Nf3+ 33.Rxf3 Rg4+ 34.Rg3 Rxg5 
35.Rxg5 Qxe5 36.Nxd5 Rd8 37.hxg6 fxg6 38.Rxg6 Rxd5 0-1

[Event "IX C.to Italiano U20"]
[Site "Bratto - Castione della Presolana ITA"]
[Date "2001.08.30"]
[Round "9"]
[White "Cacco, Christian"]
[Black "Arcion, Riccardo"]
[Result "1/2-1/2"]
[WhiteElo "2252"]
[BlackElo "1810"]
[PlyCount "35"]
[EventDate "2001.08.22"]

1.d4 d5 2.Nf3 e6 3.c4 Nf6 4.Bg5 c6 5.e3 Be7 6.Nc3 O-O 7.Qc2 Nbd7 8.a3 a5 
9.cxd5 Nxd5 10.Bxe7 Qxe7 11.Bd3 h6 12.Nxd5 exd5 13.O-O Nf6 14.Ne5 Ng4 15.
Nf3 Nf6 16.h3 Re8 17.Rab1 a4 18.Qd1 1/2-1/2

[Event "IX C.to Italiano U20"]
[Site "Bratto - Castione della Presolana ITA"]
[Date "2001.08.30"]
[Round "9"]
[White "Cusumano, Domenico"]
[Black "Damia, Angelo"]
[Result "1/2-1/2"]
[WhiteElo "1939"]
[BlackElo "1915"]
[PlyCount "24"]
[EventDate "2001.08.22"]

1.f4 d5 2.b3 c5 3.Nf3 e6 4.Bb2 Nf6 5.e3 Nc6 6.Bb5 Bd7 7.O-O a6 8.Bxc6 Bxc6
9.Ne5 Bd6 10.d3 Qc7 11.Nd2 Rg8 12.Ndf3 h6 1/2-1/2

[Event "IX C.to Italiano U20"]
[Site "Bratto - Castione della Presolana ITA"]
[Date "2001.08.30"]
[Round "9"]
[White "Ferro, Mario"]
[Black "Mogranzini, Roberto"]
[Result "0-1"]
[WhiteElo "2186"]
[BlackElo "2104"]
[PlyCount "70"]
[EventDate "2001.08.22"]

1.c4 Nf6 2.Nc3 g6 3.g3 Bg7 4.Bg2 d6 5.Nf3 O-O 6.O-O Nc6 7.d4 a6 8.e4 Nd7 
9.Be3 e5 10.d5 Ne7 11.Nd2 f5 12.f3 f4 13.Bf2 h5 14.b4 Nf6 15.c5 g5 16.Nc4 
Ng6 17.cxd6 cxd6 18.Nb6 Rb8 19.Rc1 g4 20.Nxc8 Rxc8 21.Na4 Bh6 22.Rc2 Rf7 
23.Qe2 Rxc2 24.Qxc2 b5 25.Nc3 Qc8 26.Bb6 Rb7 27.Ba5 fxg3 28.hxg3 Be3+ 29.
Kh2 h4 30.gxh4 Rh7 31.fxg4 Rxh4+ 32.Bh3 Nf4 33.Rxf4 Bxf4+ 34.Kg2 Nxg4 35.
Qd3 Rxh3 0-1

[Event "IX C.to Italiano U20"]
[Site "Bratto - Castione della Presolana ITA"]
[Date "2001.08.30"]
[Round "9"]
[White "Festa, Samuele"]
[Black "Castellano, Fulvia"]
[Result "1/2-1/2"]
[WhiteElo "1642"]
[BlackElo "1600"]
[PlyCount "74"]
[EventDate "2001.08.22"]

1.d4 Nf6 2.c4 g6 3.Nc3 Bg7 4.e4 d6 5.Be2 e5 6.dxe5 dxe5 7.Qxd8+ Kxd8 8.Bg5
Kd7 9.O-O-O+ Ke8 10.Nb5 Na6 11.Nf3 h6 12.Bxf6 Bxf6 13.Kb1 Bg4 14.Rd2 Ke7 
15.Rhd1 c6 16.Nd6 b6 17.Nb7 Rab8 18.Nd6 Rbd8 19.h3 Bxf3 20.Bxf3 Rd7 21.Bg4
Rc7 22.Be2 Rd8 23.Nf5+ Ke8 24.Rxd8+ Bxd8 25.Nxh6 Bg5 26.Ng4 Nc5 27.f3 f5 
28.exf5 gxf5 29.Nf2 Bh4 30.Nd3 Nxd3 31.Bxd3 Rd7 32.Kc2 f4 33.b4 Ke7 34.a4 
a6 35.Be4 Rxd1 36.Kxd1 Kd6 37.Kc2 c5 1/2-1/2

[Event "IX C.to Italiano U20"]
[Site "Bratto - Castione della Presolana ITA"]
[Date "2001.08.30"]
[Round "9"]
[White "Guclu, Yaman"]
[Black "Bartolini, Marco"]
[Result "1-0"]
[WhiteElo "1831"]
[BlackElo "1597"]
[PlyCount "67"]
[EventDate "2001.08.22"]

1.d4 f5 2.g3 Nf6 3.Bg2 e6 4.c3 Be7 5.Qb3 d5 6.Nh3 c6 7.Nd2 Ne4 8.f3 Nxd2 
9.Bxd2 Nd7 10.e4 Qb6 11.exd5 Qxb3 12.axb3 exd5 13.O-O O-O 14.Rfe1 Bf6 15.
Bg5 Bxg5 16.Nxg5 Nf6 17.Re7 Bd7 18.Nh3 Rfe8 19.Re5 h6 20.Nf4 Kf7 21.Nd3 b6
22.Kf2 a5 23.Bh3 g6 24.Rae1 a4 25.Rxe8 Bxe8 26.Ra1 b5 27.bxa4 bxa4 28.Nc5 
Nd7 29.Rxa4 Rxa4 30.Nxa4 Ke7 31.Ke3 Kd6 32.Bf1 Nf8 33.Nc5 Bd7 34.Ba6 1-0

[Event "IX C.to Italiano U20"]
[Site "Bratto - Castione della Presolana ITA"]
[Date "2001.08.30"]
[Round "9"]
[White "Ibba, Isacco"]
[Black "Bentivegna, Francesco"]
[Result "1-0"]
[WhiteElo "1807"]
[BlackElo "2106"]
[PlyCount "55"]
[EventDate "2001.08.22"]

1.e4 d6 2.d4 Nf6 3.Nc3 g6 4.Be3 Bg7 5.f3 O-O 6.Qd2 c6 7.O-O-O b5 8.g4 Qa5 
9.h4 b4 10.Nb1 Qxa2 11.Bh6 Bh8 12.h5 Nbd7 13.hxg6 hxg6 14.Bxf8 Nxf8 15.
Qxb4 c5 16.dxc5 dxc5 17.Qxc5 Bg7 18.Bc4 Nxe4 19.fxe4 Qxb2+ 20.Kd2 Bxg4 21.
Ne2 Rd8+ 22.Bd3 Ne6 23.Qa3 Qe5 24.Qxa7 Bxe2 25.Kxe2 Nd4+ 26.Kf1 Qf4+ 27.
Ke1 Qe3+ 28.Kf1 1-0

[Event "IX C.to Italiano U20"]
[Site "Bratto - Castione della Presolana ITA"]
[Date "2001.08.30"]
[Round "9"]
[White "Longo, Luigi"]
[Black "Santacroce, Fidel"]
[Result "1-0"]
[WhiteElo "1500"]
[BlackElo "1630"]
[PlyCount "159"]
[EventDate "2001.08.22"]

1.d4 Nf6 2.c4 e6 3.Nc3 Bb4 4.Qc2 c5 5.dxc5 Qa5 6.Bd2 Na6 7.a3 Bxc3 8.Bxc3 
Qxc5 9.e3 b6 10.b4 Qh5 11.Nf3 Qg6 12.Qxg6 fxg6 13.Rd1 Bb7 14.Be2 Rd8 15.
O-O O-O 16.Rd2 Ne4 17.Rd3 Rc8 18.Nd2 Nxc3 19.Rxc3 Rf5 20.Nf3 Rcf8 21.Nd4 
R5f6 22.Nb5 Ra8 23.Nd6 Bc8 24.Bf3 Rxf3 25.gxf3 Rb8 26.Nxc8 Rxc8 27.Rd1 Rc7
28.Rd6 Kf7 29.Kf1 Ke7 30.Rd4 Nb8 31.Rh4 h5 32.c5 Na6 33.Rhc4 bxc5 34.bxc5 
e5 35.f4 exf4 36.Re4+ Kd8 37.Rxf4 Nxc5 38.Rf7 d6 39.Rxc7 Kxc7 40.Ke2 Kb6 
41.Kf3 Kb5 42.Kf4 a5 43.f3 Ka4 44.Kg5 Nb3 45.Rd3 Kxa3 46.Rxd6 Nc5 47.e4 a4
48.e5 Kb3 49.Rxg6 a3 50.Kf5 a2 51.Rg1 Kb2 52.e6 Nb7 53.Ke5 Nd8 54.Kd6 Nxe6
55.Kxe6 a1=Q 56.Rxa1 Kxa1 57.f4 Kb2 58.Kf7 Kc3 59.Kxg7 Kd4 60.f5 Ke4 61.f6
Kf3 62.f7 h4 63.f8=Q+ Kg2 64.Qf4 h3 65.Qg3+ Kh1 66.Qxh3 Kg1 67.Kg6 Kh1 68.
Kf5 Kg1 69.Kf4 Kf2 70.Qg3+ Kf1 71.h3 Ke2 72.Qf3+ Ke1 73.Qg2 Kd1 74.Qf2 Kc1
75.Qe2 Kb1 76.Qd2 Ka1 77.Ke4 Kb1 78.Kd3 Ka1 79.Kc3 Kb1 80.Qb2# 1-0

[Event "IX C.to Italiano U20"]
[Site "Bratto - Castione della Presolana ITA"]
[Date "2001.08.30"]
[Round "9"]
[White "Mazzilli, Piero"]
[Black "Costantini, Roberto"]
[Result "1/2-1/2"]
[WhiteElo "2206"]
[BlackElo "2287"]
[PlyCount "20"]
[EventDate "2001.08.22"]

1.e4 c5 2.Nf3 d6 3.d4 cxd4 4.Nxd4 Nf6 5.Nc3 a6 6.Bg5 e6 7.f4 Be7 8.Qf3 Qa5
9.O-O-O Bd7 10.Bc4 Nc6 1/2-1/2

[Event "IX C.to Italiano U20"]
[Site "Bratto - Castione della Presolana ITA"]
[Date "2001.08.30"]
[Round "9"]
[White "Sedani, Elisa"]
[Black "Castellano, Fabio Marco"]
[Result "0-1"]
[WhiteElo "1594"]
[BlackElo "1431"]
[PlyCount "50"]
[EventDate "2001.08.22"]

1.e4 c5 2.Nf3 e6 3.d4 cxd4 4.Nxd4 Nf6 5.Nc3 Nc6 6.f3 a6 7.a3 Qc7 8.Be3 Bd6
9.g3 Be7 10.Bg2 b5 11.Nxc6 Qxc6 12.O-O Bb7 13.e5 Ng4 14.Bd4 Bc5 15.Ne4 Ne3
16.Bxe3 Bxe3+ 17.Kh1 Bc5 18.Nxc5 Qxc5 19.f4 Bxg2+ 20.Kxg2 Rc8 21.c3 O-O 
22.Rf2 Rfd8 23.Rd2 f6 24.exf6 gxf6 25.Rxd7 Qc6+ 0-1

[Event "IX C.to Italiano U20"]
[Site "Bratto - Castione della Presolana ITA"]
[Date "2001.08.30"]
[Round "9"]
[White "Sorcinelli, Francesco"]
[Black "Sardo, Gabriele"]
[Result "0-1"]
[WhiteElo "1881"]
[BlackElo "2165"]
[PlyCount "48"]
[EventDate "2001.08.22"]

1.e4 c5 2.Nc3 Nc6 3.g3 g6 4.Bg2 Bg7 5.d3 e6 6.Be3 d6 7.Qd2 Nd4 8.Nge2 Ne7 
9.h4 h5 10.Nf4 Rb8 11.Rb1 b5 12.Nce2 e5 13.Nh3 Bg4 14.Neg1 b4 15.f3 Be6 
16.Ra1 Qa5 17.Ne2 O-O 18.O-O Rfc8 19.f4 Bg4 20.Bxd4 cxd4 21.f5 gxf5 22.
exf5 Nxf5 23.Qg5 f6 24.Qg6 Ne7 0-1

[Event "XIII Festival A"]
[Site "Porto San Giorgio ITA"]
[Date "2001.08.21"]
[Round "1"]
[White "Ambrosi, Eleonora"]
[Black "Naumkin, Igor"]
[Result "0-1"]
[WhiteElo "2078"]
[BlackElo "2411"]
[PlyCount "88"]
[EventDate "2001.08.21"]

1.e4 e6 2.d4 d5 3.Nd2 Nc6 4.c3 e5 5.Ngf3 exd4 6.Nxd4 Nxd4 7.cxd4 dxe4 8.
Nxe4 Nf6 9.Qe2 Nxe4 10.Qxe4+ Qe7 11.Qxe7+ Bxe7 12.a3 Be6 13.Bf4 O-O-O 14.
O-O-O Rd7 15.Be5 f6 16.Bf4 Rhd8 17.Be3 f5 18.h4 Bb3 19.Rd2 Bf6 20.Bg5 Rxd4
21.Rxd4 Rxd4 22.Be2 Be5 23.Rh3 Bd5 24.Bf3 h6 25.Be3 Rc4+ 26.Kb1 Be6 27.Be2
Rc6 28.f4 Bf6 29.Bf3 Rd6 30.Be2 Bd5 31.g4 Be4+ 32.Ka1 fxg4 33.Bxg4+ Kb8 
34.Be2 Bf5 35.Rg3 Re6 36.Bd1 Rd6 37.Be2 b6 38.h5 a5 39.Ka2 Bd3 40.Bg4 Bc4+
41.b3 Bf7 42.Be2 a4 43.Bc4 Rd1 44.Rg1 axb3+ 0-1

[Event "XIII Festival A"]
[Site "Porto San Giorgio ITA"]
[Date "2001.08.21"]
[Round "1"]
[White "Bagaturov, Giorgi"]
[Black "Suppa, Ercole"]
[Result "1-0"]
[WhiteElo "2489"]
[BlackElo "2126"]
[PlyCount "121"]
[EventDate "2001.08.21"]

1.d4 Nf6 2.c4 d5 3.cxd5 Nxd5 4.e4 Nb6 5.Nc3 g6 6.h3 Bg7 7.Nf3 Be6 8.d5 Bc8
9.Be3 O-O 10.Bd4 f6 11.a4 c6 12.a5 N6d7 13.Bc4 Kh8 14.O-O b5 15.axb6 Nxb6 
16.Bb3 Bb7 17.Re1 N8d7 18.Be3 Qb8 19.Nd4 cxd5 20.exd5 Ne5 21.Ne6 Re8 22.
Bf4 Bc8 23.Bxe5 fxe5 24.Nxg7 Kxg7 25.Qe2 Nd7 26.Ba4 a5 27.Ne4 Rf8 28.Bxd7 
Bxd7 29.Nc5 Bf5 30.Qxe5+ Qxe5 31.Rxe5 Kf6 32.Rae1 Ra7 33.g4 Rc8 34.Nb3 Bc2
35.Nd4 Ba4 36.b3 Be8 37.d6 Rd8 38.g5+ Kf7 39.Rxe7+ Rxe7 40.Rxe7+ Kg8 41.
Kh2 a4 42.bxa4 Bxa4 43.Re6 Rd7 44.Re8+ Kf7 45.Ra8 Bd1 46.Ra1 Bh5 47.Ra6 
Kg7 48.Ne6+ Kf7 49.Nc5 Rd8 50.Ra7+ Kg8 51.d7 Kf7 52.Ra6 Bd1 53.Kg3 Bc2 54.
Kf4 Bf5 55.Nb7 Rxd7 56.Nd6+ Kg7 57.Nxf5+ gxf5 58.Kxf5 Rd3 59.Ra7+ Kg8 60.
f4 Rxh3 61.Kf6 1-0

[Event "XIII Festival A"]
[Site "Porto San Giorgio ITA"]
[Date "2001.08.21"]
[Round "1"]
[White "Bridger, Michael J."]
[Black "Cocchi, Andrea"]
[Result "1/2-1/2"]
[WhiteElo "2058"]
[BlackElo "2270"]
[PlyCount "61"]
[EventDate "2001.08.21"]

1.e4 d5 2.exd5 Qxd5 3.Nc3 Qa5 4.d4 Nf6 5.Bd3 Bg4 6.f3 Bf5 7.Ne2 e6 8.Ng3 
Bxd3 9.Qxd3 Nc6 10.O-O O-O-O 11.Nce2 Nxd4 12.Nxd4 Rxd4 13.Qe2 Bc5 14.Kh1 
Rhd8 15.c3 Rd3 16.b4 Bxb4 17.cxb4 Qxb4 18.Be3 Qa3 19.Bc1 Qa4 20.Be3 R8d7 
21.Rfc1 b6 22.Bg5 Qd4 23.Bxf6 Qxf6 24.Qe4 Kb8 25.Nf1 h6 26.a4 a5 27.Rab1 
Qd4 28.Qc6 Qd5 29.Qc2 Kb7 30.Rb5 Qd6 31.Rcb1 1/2-1/2

[Event "XIII Festival A"]
[Site "Porto San Giorgio ITA"]
[Date "2001.08.21"]
[Round "1"]
[White "Bukal, Vladimir jr"]
[Black "Tencati, Giuseppe"]
[Result "1-0"]
[WhiteElo "2411"]
[BlackElo "2099"]
[PlyCount "45"]
[EventDate "2001.08.21"]

1.d4 d5 2.c4 c6 3.Nf3 e6 4.Nc3 dxc4 5.e3 b5 6.a4 Bb4 7.Bd2 a5 8.axb5 Bxc3 
9.Bxc3 cxb5 10.b3 Bb7 11.bxc4 b4 12.Bb2 Nf6 13.Bd3 Nbd7 14.O-O O-O 15.Re1 
Qc7 16.e4 e5 17.c5 exd4 18.Rc1 Rac8 19.c6 Bxc6 20.e5 Bxf3 21.Qxf3 Nxe5 22.
Qh3 Nxd3 23.Rxc7 1-0

[Event "XIII Festival A"]
[Site "Porto San Giorgio ITA"]
[Date "2001.08.21"]
[Round "1"]
[White "Calandri, Fausto"]
[Black "Aleksic, Nenad"]
[Result "1/2-1/2"]
[WhiteElo "2101"]
[BlackElo "2416"]
[PlyCount "46"]
[EventDate "2001.08.21"]

1.e4 c5 2.c3 b6 3.d4 Bb7 4.Bd3 Nf6 5.Qe2 cxd4 6.cxd4 Nc6 7.Nf3 Nb4 8.Nc3 
Nxd3+ 9.Qxd3 e6 10.O-O Be7 11.d5 d6 12.dxe6 fxe6 13.Nd4 Qd7 14.f3 O-O 15.
Be3 Rac8 16.Rfd1 Rfd8 17.Qb5 Kf7 18.Qxd7 Rxd7 19.Nde2 Ba6 20.Rd2 Rdc7 21.
Bf4 Ne8 22.Be3 Bxe2 23.Nxe2 Rc2 1/2-1/2

[Event "XIII Festival A"]
[Site "Porto San Giorgio ITA"]
[Date "2001.08.21"]
[Round "1"]
[White "Casagrande, Fabio"]
[Black "Isonzo, David"]
[Result "0-1"]
[WhiteElo "2061"]
[BlackElo "2315"]
[PlyCount "40"]
[EventDate "2001.08.21"]

1.e4 c5 2.c3 Nf6 3.e5 Nd5 4.g3 d6 5.exd6 Qxd6 6.Bg2 Nc6 7.Ne2 g6 8.d4 e6 
9.O-O Bg7 10.dxc5 Qxc5 11.Nf4 Nxf4 12.Bxf4 e5 13.Qe2 O-O 14.Be3 Qe7 15.Nd2
Qc7 16.Ne4 f5 17.Qc4+ Kh8 18.Ng5 e4 19.Rfd1 h6 20.Ne6 Qf7 0-1

[Event "XIII Festival A"]
[Site "Porto San Giorgio ITA"]
[Date "2001.08.21"]
[Round "1"]
[White "Cazzaniga, Walter"]
[Black "Zaja, Ivan"]
[Result "0-1"]
[WhiteElo "2125"]
[BlackElo "2488"]
[PlyCount "134"]
[EventDate "2001.08.21"]

1.d4 Nf6 2.c4 e6 3.Nf3 Bb4+ 4.Bd2 Qe7 5.g3 Nc6 6.Bg2 Bxd2+ 7.Nbxd2 d6 8.e4
a5 9.O-O e5 10.d5 Nb8 11.Ne1 h5 12.h3 h4 13.g4 Nbd7 14.Nd3 Nh7 15.b3 Nhf8 
16.a3 Nc5 17.Nxc5 dxc5 18.f4 exf4 19.e5 Ng6 20.Nf3 O-O 21.Re1 a4 22.bxa4 
Bd7 23.Qd3 Bxa4 24.Rab1 b6 25.Qf5 Rfe8 26.Ng5 Bc2 27.Be4 Bxe4 28.Rxe4 Rxa3
29.e6 f6 30.Nf7 Nf8 31.Qh5 Nh7 32.d6 cxd6 33.Nxd6 Rg3+ 34.Kf1 Rf8 35.Nf5 
Qd8 36.Nd4 Qa8 37.Qd5 Ng5 38.Nc6 Kh8 39.e7 Re8 40.Re2 Rf3+ 41.Ke1 Qa3 42.
Qd7 Qc3+ 43.Rd2 Qe3+ 44.Kd1 Rf1+ 45.Kc2 Qe4+ 46.Kc3 Rf3+ 47.Kb2 Rb3+ 48.
Kxb3 Qxb1+ 49.Rb2 Qg6 50.Rd2 Kh7 51.Qf5 Qxf5 52.gxf5 Kg8 53.Ka4 f3 54.Rf2 
Kf7 55.Kb5 Rxe7 56.Nxe7 Kxe7 57.Kc6 Nf7 58.Kxb6 Ne5 59.Kc7 Kf7 60.Rf1 g5 
61.Kd6 Nxc4+ 62.Kd7 g4 63.hxg4 h3 64.Re1 Ne5+ 65.Kd6 f2 66.Ra1 Nc4+ 67.
Kxc5 Ne3 0-1

[Event "XIII Festival A"]
[Site "Porto San Giorgio ITA"]
[Date "2001.08.21"]
[Round "1"]
[White "Coratella, Giuseppe"]
[Black "Glek, Igor V."]
[Result "0-1"]
[WhiteElo "2163"]
[BlackElo "2574"]
[PlyCount "122"]
[EventDate "2001.08.21"]

1.e4 e6 2.d4 d5 3.Nd2 Be7 4.e5 c5 5.c3 Nc6 6.Ngf3 cxd4 7.cxd4 Qb6 8.Nb3 a5
9.a4 Bb4+ 10.Bd2 Bxd2+ 11.Kxd2 f6 12.Bb5 Ne7 13.Re1 O-O 14.exf6 gxf6 15.
Ke2 e5 16.Kf1 Bg4 17.h3 Bh5 18.g4 Be8 19.Rc1 e4 20.Nh4 Nb4 21.Bxe8 Raxe8 
22.Nc5 Qd6 23.Qb3 b6 24.Nxe4 Qh2 25.Ng3 Qxh3+ 26.Ng2 Ng6 27.Kg1 Qxg4 28.
Ne3 Qf3 29.Qd1 Nh4 30.Ngf5 Rxe3 31.Nxe3 Re8 32.Qxf3 Nxf3+ 33.Kg2 Nxe1+ 34.
Rxe1 Kf7 35.Rh1 Kg6 36.Kf3 h5 37.Rg1+ Kf7 38.Nf5 Rh8 39.Rg7+ Ke6 40.Nh4 
Nc2 41.Rb7 Nxd4+ 42.Kf4 Rc8 43.Rxb6+ Rc6 44.Rb8 Rc4 45.Rb6+ Nc6+ 46.Kg3 
Kd6 47.Nf5+ Kc7 48.Rb5 d4 49.b3 Rc1 50.Kf3 Re1 51.Kf4 Re2 52.Kf3 d3 53.Rd5
Rb2 54.Ke3 Rxb3 55.Ng7 h4 56.Ne6+ Kb6 57.Nf8 h3 58.Nd7+ Kc7 59.Nc5 Rc3 60.
Kd2 Rc2+ 61.Kxd3 Nb4+ 0-1

[Event "XIII Festival A"]
[Site "Porto San Giorgio ITA"]
[Date "2001.08.21"]
[Round "1"]
[White "Corti, Corrado"]
[Black "Trent, Lawrence"]
[Result "0-1"]
[WhiteElo "2034"]
[BlackElo "2249"]
[PlyCount "80"]
[EventDate "2001.08.21"]

1.d4 d5 2.Nf3 e6 3.e3 Nf6 4.Bd3 c5 5.c3 Be7 6.O-O O-O 7.Nbd2 Nbd7 8.b3 b6 
9.Bb2 Bb7 10.Rc1 Ne4 11.Ne1 Bd6 12.f4 cxd4 13.cxd4 Ndf6 14.Nxe4 dxe4 15.
Bc4 a6 16.a4 Nd5 17.Nc2 f5 18.Qe1 Rf6 19.Ba3 Bxa3 20.Nxa3 Rh6 21.g3 Qe7 
22.Bxd5 exd5 23.Nc2 a5 24.Qd2 Rc6 25.Rfd1 Rac8 26.Ne1 Qc7 27.Rxc6 Qxc6 28.
Rb1 Ba6 29.Rb2 Qc3 30.Qxc3 Rxc3 31.Kf2 Kf7 32.Nc2 Bd3 33.Ne1 Ba6 34.Nc2 h6
35.h4 Bd3 36.Ne1 Kg6 37.b4 Bc4 38.bxa5 bxa5 39.Nc2 Rb3 40.Ra2 Rb1 0-1

[Event "XIII Festival A"]
[Site "Porto San Giorgio ITA"]
[Date "2001.08.21"]
[Round "1"]
[White "Cristiani, Cesare"]
[Black "Ristic, Nenad"]
[Result "0-1"]
[WhiteElo "2109"]
[BlackElo "2424"]
[PlyCount "78"]
[EventDate "2001.08.21"]

1.d4 Nf6 2.c4 c5 3.d5 b5 4.cxb5 a6 5.Nc3 axb5 6.e4 b4 7.Nb5 d6 8.Bf4 g5 9.
Bxg5 Nxe4 10.Bf4 Bg7 11.Qe2 Nf6 12.Nxd6+ Kf8 13.Nxc8 Qxc8 14.Qf3 Qf5 15.
Bb5 Qe4+ 16.Kf1 Qxf3 17.Nxf3 Nxd5 18.Be5 e6 19.a4 Bxe5 20.Nxe5 Ke7 21.Ke2 
f6 22.Nd3 Rc8 23.Rhc1 Kd6 24.Rc4 Nc6 25.Bxc6 Rxc6 26.Rac1 Rac8 27.a5 e5 
28.g3 Ne7 29.g4 R8c7 30.f3 Nc8 31.Nf2 Kd5 32.Ne4 Nd6 33.R4c2 Nb5 34.Rd2+ 
Nd4+ 35.Kf2 c4 36.h4 Ke6 37.h5 Nb3 38.Rcd1 Nxd2 39.Rxd2 Ra7 0-1